Canadian journal of criminology and criminal justice Revue canadienne de criminologie et justice pénale.
| Título anterior: | Canadian journal of criminology (Online) |
|---|---|
| Autor Corporativo: | |
| Formato: | Electrónico Revista |
| Lenguaje: | inglés francés |
| Publicado: |
Ottawa :
Canadian Criminal Justice Association
[Toronto] : University of Toronto Press |
| Materias: | |
| Acceso en línea: | Full text available from Research Library: 01/01/2003 to 10/31/2006 |
MARC
| LEADER | 00000nas a2200000 a 4500 | ||
|---|---|---|---|
| 001 | ssj0025156 | ||
| 003 | WaSeSS | ||
| 005 | 20200512172242.0 | ||
| 006 | m d | ||
| 007 | cr n | ||
| 008 | 050614c20039999oncqr pss o 0 0eng c | ||
| 010 | |a 2007247580 | ||
| 016 | 7 | |a 101180351 |2 DNLM | |
| 016 | 7 | |a 101180351 |2 dnlm | |
| 016 | |a 20033900272 | ||
| 016 | 7 | |a 2134502 8 |2 DE-600 | |
| 016 | |a (AMICUS)43575448 |2 CaOONL | ||
| 022 | |a 1911-0219 |y 1707-7753 | ||
| 035 | |a (WaSeSS)ssj0025156 | ||
| 037 | |b University of Toronto Press, Journals Division, 5201 Dufferin St., Toronto, ON, Canada M3H 5T8 | ||
| 040 | |a OCLCS |b eng |e pn |c OCLCS |d BUF |d OCLCQ |d AUD |d DOS |d NDO |d MYG |d OCLCQ |d OCLCF |d VT2 |d OCLCQ |d REDDC |d VGL |d NLC |d OCLCQ |d AU@ |d SFB |d BRK |d SUE |d DYJ |d XFH |d WT2 |d FIE |d CNTRU |d S2H |d OCLCQ |d WaSeSS | ||
| 041 | 0 | |a eng |a fre | |
| 042 | |a pcc | ||
| 043 | |a n-cn--- | ||
| 050 | 4 | |a HV6001 |b .C3 | |
| 130 | 0 | |a Canadian journal of criminology and criminal justice (Online) | |
| 245 | 1 | 0 | |a Canadian journal of criminology and criminal justice |h [electronic resource] = |b Revue canadienne de criminologie et justice pénale. |
| 246 | 3 | 1 | |a Revue canadienne de criminologie et de justice pénale |
| 246 | 1 | 3 | |a CJCCJ |
| 246 | 1 | 3 | |a RCCJP |
| 246 | 1 | 3 | |a Canadian J. Criminology & Crim. Just |
| 260 | |a Ottawa : |b Canadian Criminal Justice Association | ||
| 260 | 3 | |3 <2006-> : |a [Toronto] : |b University of Toronto Press | |
| 310 | |a Quarterly | ||
| 362 | 1 | |a Began with: Vol. 45, no. 1 (January/janvier 2003). | |
| 500 | |a Some numbers issued as special issues. | ||
| 506 | |a License restrictions may limit access. | ||
| 538 | |a Mode of access: World Wide Web. | ||
| 546 | |a Includes some text in French. | ||
| 588 | |a Description based on: Volume 45, no. 1 (January/janvier 2003); title from table of contents page (Proquest, viewed Sept. 14, 2011). | ||
| 588 | |a Latest issue consulted: Vol. 53, no. 3 (July/juillet 2011) (Project Muse, viewed Sept. 14, 2011). | ||
| 650 | 0 | |a Criminology |z Canada |v Periodicals. | |
| 650 | 0 | |a Crime prevention |z Canada |v Periodicals. | |
| 650 | 0 | |a Criminal justice, Administration of |z Canada |v Periodicals. | |
| 650 | 0 | |a Criminals |x Rehabilitation |z Canada |v Periodicals. | |
| 650 | 7 | |a Crime prevention. |2 fast |0 (OCoLC)fst00883055 | |
| 650 | 7 | |a Criminal justice, Administration of. |2 fast |0 (OCoLC)fst00883246 | |
| 650 | 7 | |a Criminals |x Rehabilitation. |2 fast |0 (OCoLC)fst00883537 | |
| 650 | 7 | |a Criminology. |2 fast |0 (OCoLC)fst00883566 | |
| 650 | 6 | |a Criminologie |z Canada |v Périodiques. | |
| 650 | 6 | |a Justice pénale |x Administration |z Canada |v Périodiques. | |
| 650 | 6 | |a Réhabilitation |z Canada |v Périodiques. | |
| 650 | 6 | |a Criminalité Prévention |z Canada |v Périodiques. | |
| 650 | 1 | 7 | |a Criminologie. |2 gtt |
| 650 | 1 | 7 | |a Strafrecht. |2 gtt |
| 651 | 7 | |a Canada. |2 fast |0 (OCoLC)fst01204310 | |
| 655 | 0 | |a Electronic journals. | |
| 710 | 2 | |a Canadian Criminal Justice Association. | |
| 776 | 0 | 8 | |i Print version: |t Canadian journal of criminology and criminal justice |x 1707-7753 |w (DLC) 2003233065 |w (OCoLC)52124308 |
| 780 | 0 | 0 | |t Canadian journal of criminology (Online) |w (DLC) 2010268030 |w (OCoLC)38562850 |
| 856 | 4 | 0 | |z Full text available from Research Library: 01/01/2003 to 10/31/2006 |u https://search.proquest.com/publication/43670 |